Music Quiz

Random Music or Clickable Quiz
Score 0/20 Timer 04:00
0 Plays Today
% Correct
The Beatles
87.1%
The Turtles
80.6%
Al Green
74.2%
Captain & Tennille
72%
Rick Astley
53.8%
Diana Ross & The Supremes
49.5%
Mariah Carey
41.9%
Janet Jackson
25.8%
Sting
17.2%
Blink 182
17.2%
% Correct
Dave Clark Five
16.1%
Michael Jackson
15.1%
Hall & Oates
12.9%
Bob Dylan
11.8%
Taylor Swift
11.8%
The Ronettes
10.8%
Aretha Franklin
9.7%
Fern Kinney
9.7%
Garbage
8.6%
Nickelback
5.4%
Remove Ads.
Support Sporcle.
Get the best of Sporcle when you Go Orange. This ad-free experience offers more features, more stats, and more fun while also helping to support Sporcle. Thank you for becoming a member.

You're not logged in!

Compare scores with friends on all Sporcle quizzes.
OR
Log In

Show Comments

Extras

Top Quizzes Today


Score Distribution

Your Account Isn't Verified!

In order to create a playlist on Sporcle, you need to verify the email address you used during registration. Go to your Sporcle Settings to finish the process.

Report this User

Report this user for behavior that violates our Community Guidelines.

Details: